Statistics for Big Ten Football Coaches

Click here to take the quiz!

General Stats

  • This quiz has been taken 21 times
  • The average score is 11 of 14

Answer Stats

HintAnswer% Correct
Michigan WolverinesJim Harbaugh
100%
Ohio State BuckeyesRyan Day
100%
Penn State Nittany LionsJames Franklin
95%
Nebraska CornhuskersMatt Rhule
95%
Michigan State SpartansMel Tucker
95%
Rutgers Scarlet KnightsGreg Schiano
89%
Iowa HawkeyesKirk Ferentz
89%
Minnesota Golden GophersP.J. Fleck
89%
Wisconsin BadgersLuke Fickell
84%
Illinois Fighting IlliniBret Bielema
79%
Indiana HoosiersTom Allen
74%
Maryland TerrapinsMike Locksley
53%
Purdue BoilermakersRyan Walters
47%
Northwestern WildcatsDavid Braun
37%

Score Distribution

Percentile by Number Answered

Percent of People with Each Score

Your Score History

You have not taken this quiz